1780 1318 1508 1900 1294 1464 1297 1192 1262 1336 1502 1637 1159 1549 1160 1957 1390 1330 1578 1402 1532 1843 1789 1546 1062 1659 1146 1934 1074 1459 1161 1176 1690 1450 1737 1140 1719 1098 1017 1559 1526 1644 1514 1980 1060 1825 1854 1774 1508 1812 1076 1514 1935 1303 1255 1031 1080 1454 1254 1184 1871 1537 1009 1268 1535 1762 1032 1407 1887 1920 1574 1924 1628 1249 1810 1196 1442 1405 1043 1970 1754 1191 1006 1755 1310 1036 1626 1538 1337 1135 1220 1828 1063 1114 1907 1687 1815 1447 1476 BCNSPRNW ULIB Ver.6.0+V

เปลี่ยนเป็นภาษาไทย

Change to English
 แสดงรายละเอียดบรรณานุกรม
  กลับหน้าหลัก

Brief Record : Get Marc (ISO 2709) : E-mail record : QR code < ปิดหน้าต่าง
LEADER : 00000nam 2200000uu 4500
001    13399111772
003     ULIB
008    110627s2552||||th 000 0 tha d
020    9786160600311
090    นว.^bต113จ 2552
100 0  ตู้โม่อวี่
245 00 พระพันปีตัวร้าย ชุด ตำหนักรักนิรันดร์/^cตู้โม่อวี่
250    พิมพ์ครั้งที่ 1
260    กรุงเทพฯ :^bแจ่มใส,^c2552
300    414 หน้า
945    ^p259^l0^i026736
995    ทศพร
999 ^a ใช้งานได้ทุกระบบ
รายการนี้ยังไม่มีแท็ก
คุณยังไม่ได้ล็อกอิน คุณสามารถมีกิจกรรมร่วมกับเว็บไซต์ได้ แต่ต้องล็อกอินก่อน ::
  ล็อกอิน

รายการสื่อสารสนเทศ

ลำดับที่ ประเภท เลขเรียก/บาร์โค้ด สถานที่ สถานะ
- ไม่พบข้อมูล -

BibComment


ยังไม่เคยถูกคอมเมนท์

คอมเมนท์ทรัพยากรรายการนี้
  คอมเมนท์: พระพันปีตัวร้าย ช..


 Copyright 2026. Bcnsprnw @Library